Les Titres de Dalida avec les initiales - Statistiques

Statistiques générales
  • Ce quiz a été pris 92 fois
  • Le résultat moyen est 6 sur 12
Statistiques - réponses
Initiales Titres % Correct
G__ L'_____ Gigi l'Amoroso
94%
L____ - M_ D___ Laissez-moi danser
79%
P___, P___ Paroles, Paroles
75%
M___ S_ S__ Mourir sur scène
73%
I_ V___ D'__ 1_ A_ Il venait d'avoir 18 ans
70%
L_ T__ D_ F___ Le Temps des Fleurs
46%
P__ T_ D__ J_ T'__ Pour te dire je t'aime
36%
H___ D'_ A__ Histoire d'un amour
31%
L__ I_ P_____ Love in Portofino
21%
H__ Y_ B___ Helwa ya baladi
14%
P__ P__ B_ Parle plus bas
14%
B___ M_ A__ Bonsoir mon amour
5%
Aucun quiz correspondant
Distribution des résultats
% des personnes avec chaque résultat
Percentile par nombre de réponses
Votre historique - résultats
Vous n’avez pas pris ce quiz